000 00201 a2200097 4500
001 30633
100 _aLoye
245 _aLeadership Passion
260 _a
_bJossey, Boss Pub
_c
090 _c20570
_d20570
942 _aNUST-CAE
_cM
_c11748
999 _c265706
_d265706